000
00255nam a2200109Ia 4500
008
190913s9999||||xx |||||||||||||| ||und||
100
_a
Meloni,JULIE C.
245
0
_a
Essentials PHP
260
_a
New Delhi
_b
McGraw Hill
_c
2001
300
_a
1290
942
_c
BK
999
_c
8113
_d
8113